000 00256nam a2200097Ia 4500
008 240331s9999 xx 000 0 und d
082 _a303.6
_bEME
100 _aLogo. ed
245 4 _aThe Emerging Peace Process and the Ethnic Question in Sri Lanka
942 _cL
999 _c1251
_d1251